PR-SOF-2384-X-RaiseA Data Driven Prompt Engineering Approach Using LLMS (Record no. 610218)
[ view plain ]
| 000 -LEADER | |
|---|---|
| fixed length control field | 00458nam a22001337a 4500 |
| 040 ## - CATALOGING SOURCE | |
| Transcribing agency | NUST |
| 082 ## - DEWEY DECIMAL CLASSIFICATION NUMBER | |
| Classification number | 220 PRO |
| 100 ## - MAIN ENTRY--PERSONAL NAME | |
| Personal name | PC RANA AHMAD INTISAR NS UMAR NAEEM KHOKHAR NS BILAL AHMAD |
| 9 (RLIN) | 124332 |
| 110 ## - MAIN ENTRY--CORPORATE NAME | |
| Corporate name or jurisdiction name as entry element | SUPERVISOR DR. USMAN AKRAM DR. ARSLAN SHAUKAT |
| 9 (RLIN) | 124333 |
| 245 ## - TITLE STATEMENT | |
| Title | PR-SOF-2384-X-RaiseA Data Driven Prompt Engineering Approach Using LLMS |
| 260 ## - PUBLICATION, DISTRIBUTION, ETC. | |
| Place of publication, distribution, etc. | ISLAMABAD: |
| Name of publisher, distributor, etc. | NUST COLLEGE OF EME, |
| Date of publication, distribution, etc. | 2024. |
| 650 ## - SUBJECT ADDED ENTRY--TOPICAL TERM | |
| Topical term or geographic name entry element | DE-COMP-42 |
| 9 (RLIN) | 124276 |
| 942 ## - ADDED ENTRY ELEMENTS (KOHA) | |
| Source of classification or shelving scheme | |
| Koha item type | Project Report |
| Withdrawn status | Lost status | Source of classification or shelving scheme | Damaged status | Not for loan | Permanent Location | Current Location | Shelving location | Date acquired | Total Checkouts | Full call number | Barcode | Date last seen | Price effective from | Koha item type |
|---|---|---|---|---|---|---|---|---|---|---|---|---|---|---|
| College of Electrical & Mechanical Engineering (CEME) | College of Electrical & Mechanical Engineering (CEME) | Reference | 07/09/2024 | 220 PRO | PR-SOF-2384 | 07/09/2024 | 07/09/2024 | Project Report |
